| 000 | 00000nam##2200000za#4500 |
| 001 | 9.642170 |
| 003 | CaOODSP |
| 005 | 20210624223555 |
| 007 | cr ||||||||||| |
| 008 | 150407|1999||||xxc|||||o f|0| 0 fre|d |
| 040 | |aCaOODSP|bfre |
| 043 | |an-cn--- |
| 086 | 1 |aRH64-109/1999F-PDF |
| 110 | 1 |aCanada.|bDéveloppement des ressources humaines Canada. |bPolitique stratégique. |
| 245 | 10|aRapports d'évaluation - évaluation sommative de Service jeunesse Canada / |h[ressource électronique]|c[par] Évaluation et développement des données. |
| 260 | |aOttawa - Ontario : |bDéveloppement des ressources humaines Canada. |cAoût 1999. |
| 300 | |a72p.|btableaux |
| 590 | |a13-16-Supp|b2013-07-12 |
| 775 | 08|tEvaluation reports - summative evaluation of Youth Service Canada / |w(CaOODSP)9.698177 |
| 856 | 40|ahttp://publications.gc.ca|qPDF|s295 Ko|uhttps://publications.gc.ca/collections/collection_2013/rhdcc-hrsdc/RH64-109-1999-fra.pdf |
| 986 | |aSP-AH040-08-99F |